Catálogo
 En Linea

Principios del avenamiento o drenaje / (Registro nro. 36160)

Detalles MARC
000 -CABECERA
campo de control de longitud fija 00788nam a2200193 a 4500
001 - NÚMERO DE CONTROL
campo de control 000036669
005 - FECHA Y HORA DE LA ÚLTIMA TRANSACCIÓN
campo de control 20200930075850.0
008 - DATOS DE LONGITUD FIJA--INFORMACIÓN GENERAL
campo de control de longitud fija 120124s1972 mx 000 0 spa d
040 ## - FUENTE DE LA CATALOGACIÓN
Centro catalogador/agencia de origen DO-SdBNP
Lengua de catalogación spa
Centro/agencia transcriptor BNPHU
110 1# - ENTRADA PRINCIPAL--NOMBRE DE ENTIDAD CORPORATIVA
Nombre de entidad corporativa o nombre de jurisdicción como elemento de entrada Estados Unidos.
Unidad subordinada Departamento de Agricultura.
-- Servicio de Conservación de Suelos.
9 (RLIN) 62948
240 10 - TÍTULO UNIFORME
Título uniforme Drainge
Lenguaje de la obra estpañol
245 10 - MENCIÓN DE TÍTULO
Título Principios del avenamiento o drenaje /
Mención de responsabilidad, etc. traductor Ramón Palazón.
260 ## - PUBLICACIÓN, DISTRIBUCIÓN, ETC.
Lugar de publicación, distribución, etc. México :
Nombre del editor, distribuidor, etc. Centro Regional de Ayuda Técnica,
-- Agencia para el Desarrollo Internacional,
Fecha de publicación, distribución, etc. 1972.
300 ## - DESCRIPCIÓN FÍSICA
Extensión 47 p. ;
Dimensiones 23 cm.
490 1# - MENCIÓN DE SERIE
Mención de serie Manual de ingeniería de suelos ;
-- Avenamiento
Designación de volumen o secuencia 16
504 ## - NOTA DE BIBLIOGRAFÍA, ETC.
Nota de bibliografía, etc. Bibliografía : p 47
700 12 - PUNTO DE ACCESO ADICIONAL--NOMBRE DE PERSONA
Nombre de persona Palazón, Ramón
Término indicativo de función/relación tr.
9 (RLIN) 41247
830 #0 - PUNTO DE ACCESO ADICIONAL DE SERIE-TÍTULO UNIFORME
Título uniforme Manual de ingeniería de suelos ;
Designación de volumen o secuencia 16
Nombre de parte o sección de la obra Avenamiento
9 (RLIN) 62949
Existencias
Estado de retiro Estado de pérdida Restricciones de uso No para préstamo Código de colección Localización permanente Ubicación/localización actual Ubicación en estantería Fecha de adquisición Número de inventario Total de préstamos Signatura topográfica completa Código de barras Fecha visto por última vez Precio válido a partir de Tipo de ítem Koha Número de copia
      Excluido de préstamo Monografías: Libros y Folletos General General En catalogación 24.01.2012 LF1   36669-10 25.06.2020 25.06.2020 No se presta  
      Excluido de préstamo Monografías: Libros y Folletos General General En catalogación 24.01.2012 LF1   36669-20 25.06.2020 25.06.2020 No se presta e. 2
        Monografías: Libros y Folletos General General En catalogación 24.01.2012 LF1   36669-30 25.06.2020 25.06.2020 Préstamo en sala e. 3
        Monografías: Libros y Folletos General General Orden iniciada 24.01.2012 LF1   36670-10 25.06.2020 25.06.2020 No se presta  

Con tecnología Koha